Responses for show #3306 - Monday, January 11, 1999

Contestants

Jeremy King, a laundromat night manager from Columbia, South Carolina

Leena Alam, a law student from Washington, D.C.

David Becker, an attorney from Washington, D.C. (whose 2-day cash winnings total $27,601)

Jeopardy! Round responses

DICKENSIANA
PLANTS & TREES
CARTOON BIRDS
THE LIST LIST
FOREIGN WORDS & PHRASES
STUPID ANSWERS
(Alex: I'm good in that category!)
    $100 4
Robinson Crusoe

Jeremy
    $100 29
(D: What is a clover...a four-leaf clover?)

Shamrock

DavidJeremy
    $100 1
Woody Woodpecker

David
    $100 15
40

Leena
    $100 9
Ear

David
    $100 20
Big Country

Jeremy
    $200 12
(D: What is "Nicholas Nickleby?")

Oliver Twist

DavidJeremy
    $200 30
Mistletoe

Leena
    $200 2
Heckle & Jeckle

Leena
    $200 18
Naughty & nice

David
    $200 10
A la mode

David
    $200 27
"The Leader"

Jeremy
    $300 16
Andrew Johnson

Leena
    $1,000 22
Joshua tree

Jeremy
    $300 3
Woodstock

Leena
    $300 8
Fortune

David
    $300 5
Schlep

David
    $300 25
(J: What is "Eileen?")

My Sister Eileen

Jeremy
Triple Stumper
    $400 17
David Copperfield

Triple Stumper
    $400 26
Wisteria

Jeremy
    $400 6
Foghorn Leghorn

David
    $400 13
FBI Ten Most Wanted List

David
    $400 11
Dojo

Leena
    $400 21
Chogori

Jeremy
    $500 24
(a minute to go, Jeremy...)

Ye Olde Curiosity Shoppe

Triple Stumper
    $500 28
Eucalyptus

Leena
    $500 7
Chilly Willy

Jeremy
    $500 19
Mr. Blackwell

David
    $500 14
Cloak and dagger

David
    $500 23
(Alex: They stole the cobblestones)

Street

Jeremy

Scores at the first commercial break (after clue 15):

David Leena Jeremy
$2,100 $1,000 $800

Scores at the end of the Jeopardy! Round:

David Leena Jeremy
$2,700 $2,000 $3,200

Double Jeopardy! Round responses

FAMOUS NAMES
POP MUSIC
STATE CAPITAL NICKNAMES
U.S. STAMPS
HOLIDAYS
"EZ" DOES IT
    $200 2
Al Capone

Leena
    $200 22
Seattle

Jeremy
    $200 16
Salt Lake City

David
    $200 17
Raggedy Ann

Leena
    $200 8
Valentine's Day

Leena
    $200 1
Tweezers

Jeremy
    $400 6
(D: Who was Vespucci?)

Prince Henry the Navigator

DavidLeena
    $400 30
Steely Dan

David
    $400 18
St. Paul

Leena
    $400 26
Wagons

David
    $400 9
Islam

David
    $400 3
Ezekiel

Leena
    $600 7
Julius Caesar

David
    $600 21
Jagged Little Pill

Leena
    $600 19
Hartford

Jeremy
    $600 28
Berlin Airlift

David
    $600 10
Sadie Hawkins Day

David
    $600 4
Natchez

Triple Stumper
    $800 13
David Ben-Gurion

David
    $800 23
The Cars

Jeremy
    $800 24
Richmond

Leena
    $2,000 20
Stars And Stripes Forever

Jeremy
    $800 11
John the Baptist

Jeremy
    $800 5
Leonid Brezhnev

Jeremy
    $1000 14
John Speke

Triple Stumper
    $1000 29
Knopfler

Jeremy
    $1,000 25
Albany

Leena
    $1000 27
Alexander Calder

Leena
    $1000 15
(D: What is the Vatican?)

San Marino

DavidLeena
    $1000 12
Mayaguez

Triple Stumper

Scores at the end of the Double Jeopardy! Round:

David Leena Jeremy
$5,300 $8,200 $9,600

[wagering suggestions for these scores]

Final Jeopardy! Round responses

BUSINESS & INDUSTRY
(Alex: A few years ago someone suggested to me that we should have a tournament featuring the best players who never won on "Jeopardy!" - at least 2 of you today would qualify!)
DavidWhat are Beanie Babies
$2,000
LeenaWhat are Beanie Babies?
$8,198
JeremyWhat are Beanie Babies?
$7,000
Beanie Babies

Final scores:

David Leena Jeremy
$7,300 $16,398 $16,600
3rd place: Coleman Camping Equipment 2nd place: Trip to Sandals Royal Bahamian Resort & Spa New champion: $16,600

Game dynamics:

Coryat scores:

David Leena Jeremy
$5,300 $8,200 $7,700
18 R,
4 W
18 R
(including 1 DD),
0 W
18 R
(including 2 DDs),
1 W

Combined Coryat: $21,200

The J! Archive is created by fans, for fans. The Jeopardy! game show and all elements thereof, including but not limited to copyright and trademark thereto, are the property of Jeopardy Productions, Inc. and are protected under law. This website is not affiliated with, sponsored by, or operated by Jeopardy Productions, Inc. Join the discussion at JBoard.tv.